Labor intelectual / (Record no. 113806)

MARC details
000 -LEADER
campo de control de longitud fija 00626nam a2200181 4500
001 - NÚMERO DE CONTROL
campo de control 113806
003 - IDENTIFICADOR DE NÚMERO DE CONTROL
campo de control ES-MaACL
005 - FECHA Y HORA DE LA ÚLTIMA TRANSACCIÓN
campo de control 20250701063143.0
007 - CAMPO FIJO DE DESCRIPCIÓN FÍSICA--INFORMACIÓN GENERAL
campo de control de longitud fija t|
008 - DATOS DE LONGITUD FIJA--INFORMACIÓN GENERAL
campo de control de longitud fija 061121s1911 sp r |||| | spa d
100 1# - ENTRADA PRINCIPAL--NOMBRE DE PERSONA
Nombre de persona Nombela y Campos, Julio,
Fechas asociadas al nombre 1866-1908
9 (RLIN) 85933
245 10 - MENCIÓN DEL TÍTULO
Título Labor intelectual /
Mención de responsabilidad, etc. Julio Nombela y Campos.
260 ## - PUBLICACIÓN, DISTRIBUCIÓN, ETC.
Lugar de publicación, distribución, etc. Madrid :
Nombre del editor, distribuidor, etc. La Última Moda,
Fecha de publicación, distribución, etc. 1911 (
Fabricante Imp. de La Última moda)
300 ## - DESCRIPCIÓN FÍSICA
Extensión 2 v. :
Otras características físicas retr. del autor ;
Dimensiones 19 cm.
505 8# - NOTA DE CONTENIDO CON FORMATO
Nota de contenido con formato Contiene: V. 1. Crítica filosófica, literaria, social - V. 2 . Cultura portuguesa
852 ## - LOCALIZACIÓN
Ubicación ES-MaACL
Número de control de estantería F-1611-12
Holdings
Estatus retirado Estado de pérdida Estado de daño No para préstamo Biblioteca de origen Biblioteca actual Ubicación en estantería Fecha de adquisición Fuente de adquisición Total de préstamos Signatura topográfica completa Código de barras Visto por última vez Precio de reemplazo Tipo de ítem Koha
        Biblioteca del Ateneo de Madrid Biblioteca del Ateneo de Madrid Depósito 2 17/01/2008     F-1611-12 1118690 23/02/2023 23/02/2023 Libro impreso